| LEADER | 00963nam a2200289 a 4500 | ||
|---|---|---|---|
| 001 | 3522124 | ||
| 005 | 20161012100443.0 | ||
| 008 | 961012s1995 vm b f000 0 vie | ||
| 040 | |a DLC |c DLC | ||
| 042 | |a lcode | ||
| 043 | |a a-vt--- | ||
| 050 | 0 | 0 | |a HN700.5.A8 |b C63 1995 |
| 082 | |a 306.09597 |b T406A | ||
| 100 | |a Toan Ánh | ||
| 245 | 0 | 0 | |a Nếp cũ - hội hè đình đám |c Toan Ánh |p Quyển thượng |
| 260 | |a Tp. Hồ Chí Minh. |b Nxb Tp. Hồ Chí Minh |c 1993 | ||
| 300 | |a 324 tr. |c 21 cm | ||
| 520 | |a v...v | ||
| 653 | |a Văn hóa | ||
| 653 | |a Việt Nam | ||
| 653 | |a Hội hè | ||
| 700 | 1 | |a Toan Ánh | |
| 906 | |a 7 |b cbc |c origode |d 3 |e ncip |f 19 |g y-gencatlg | ||
| 942 | |2 ddc |c SH | ||
| 955 | |a wj07; yk06 12-06-96; yk02 12-16-96; yk10 12-17-96 | ||
| 999 | |c 3116 |d 3116 | ||
| 952 | |0 0 |1 0 |2 ddc |4 0 |6 306_095970000000000_T406A |7 0 |8 300 |9 35257 |a qbu |b qbu |c D2 |d 2014-12-15 |g 65000 |o 306.09597 T406A |p 4228.C1 |r 0000-00-00 |w 2014-12-15 |y SH |0 0 |6 306_095970000000000_T406A | ||